Statistiques concernant Pays par première et dernière deux lettres

Cliquez ici pour prendre le quiz!

Statistiques générales

  • Ce quiz a été pris 230 456 fois
  • Le résultat moyen est 149 sur 392

Réponses sur la Carte

Les réponses sont colorées sur une échelle allant du rouge au vert en fonction du pourcentage des utilisateurs qui les ont devinées à leur premier essai. Vous pouvez retrouver ces pourcentages ci-dessous.
 

Statistiques - réponses

pays% Correct
France
86%
Birmanie
84%
Cabo Verde
84%
Cambodge
84%
Cameroun
84%
Canada
84%
Costa Rica
84%
Etats-Unis
80%
Éthiopie
80%
Timor-Leste
79%
Nauru
78%
Russie
78%
Chili
76%
Chine
76%
Chypre
76%
Albanie
75%
Algérie
75%
Allemagne
75%
Népal
75%
Portugal
75%
Sénégal
75%
Brésil
71%
Brunei
71%
Comores
71%
Espagne
71%
Estonie
71%
Eswatini
71%
Maldives
71%
Philippines
71%
Saint-Christophe- et-Niévès
71%
Saint-Vincent-et-les-Grenadines
71%
Seychelles
71%
Arabie Saoudite
69%
Argentine
69%
Arménie
69%
Madagascar
69%
Qatar
69%
Australie
67%
Autriche
67%
Guinée-Bissau
67%
Macédoine du Nord
67%
Madagascar
67%
Malaisie
67%
Malawi
67%
Maldives
67%
Mali
67%
Malte
67%
Maroc
67%
Mauritanie
67%
Mexique
67%
Panama
67%
Suriname
67%
Congo
65%
Rép dém Congo
65%
Antigua-et-Barbuda
63%
Canada
63%
Danemark
63%
Ouganda
63%
Rwanda
63%
Émirats arabes unis
60%
Etats-Unis
60%
Islande
60%
Israël
60%
Bahreïn
59%
Bénin
59%
Inde
59%
Indonésie
59%
Liechtenstein
59%
Saint-Marin
59%
Chili
57%
Liban
57%
Liberia
57%
Libye
57%
Liechtenstein
57%
Lituanie
57%
Mali
57%
Pologne
56%
Portugal
56%
Afghanistan
55%
Andorre
55%
Angola
55%
Antigua-et-Barbuda
55%
Azerbaïdjan
55%
Bhoutan
55%
Iran
55%
Kazakhstan
55%
Kirghizistan
55%
Liban
55%
Oman
55%
Ouzbékistan
55%
Pakistan
55%
Soudan
55%
Tadjikistan
55%
Taïwan
55%
Turkménistan
55%
Vatican
55%
Allemagne
54%
Argentine
54%
Bosnie-Herzégovine
54%
Chine
54%
Colombie
54%
Comores
54%
Corée du Nord
54%
Corée du Sud
54%
Costa Rica
54%
Côte d'Ivoire
54%
Espagne
54%
Monaco
54%
Népal
54%
Pologne
54%
République Centrafricaine
54%
République dominicaine
54%
Sierra Leone
54%
Ukraine
54%
France
53%
Grèce
53%
Île Maurice
53%
Suède
53%
Suisse
53%
Suriname
53%
Tchèquie
53%
Albanie
52%
Algérie
52%
Arménie
52%
Australie
52%
Biélorussie
52%
Bolivie
52%
Bulgarie
52%
Colombie
52%
Croatie
52%
Estonie
52%
Éthiopie
52%
Gambie
52%
Géorgie
52%
Hongrie
52%
Indonésie
52%
Italie
52%
Jordanie
52%
Lettonie
52%
Lituanie
52%
Malaisie
52%
Mauritanie
52%
Micronésie
52%
Moldavie
52%
Mongolie
52%
Namibie
52%
Roumanie
52%
Russie
52%
Sainte-Lucie
52%
Serbie
52%
Slovaquie
52%
Slovénie
52%
Somalie
52%
Syrie
52%
Tanzanie
52%
Tunisie
52%
Turquie
52%
Zambie
52%
Norvège
51%
Nouvelle-Zélande
51%
Pakistan
49%
Palaos
49%
Panama
49%
Papouasie-Nouvelle-Guinée
49%
Paraguay
49%
Pays-Bas
49%
Afghanistan
47%
Afrique du Sud
47%
Moldavie
46%
Monaco
46%
Mongolie
46%
Monténégro
46%
Mozambique
46%
Cabo Verde
44%
Irak
44%
Iran
44%
Irlande
44%
Barbade
43%
Finlande
43%
Grenade
43%
Inde
43%
Irlande
43%
Islande
43%
Nouvelle-Zélande
43%
Suède
43%
Thaïlande
43%
Fidji
42%
Finlande
42%
Monténégro
41%
Roumanie
41%
Royaume-Uni
41%
Tunisie
41%
Turkménistan
41%
Turquie
41%
Tuvalu
41%
Vanuatu
41%
Eswatini
40%
Brésil
39%
Île Maurice
39%
Îles Marshall
39%
Nicaragua
38%
Niger
38%
Nigeria
38%
Pérou
38%
Royaume-Uni
38%
Sao Tomé-et-Principe
38%
Italie
36%
Koweït
36%
Jamaïque
35%
Japon
35%
Tchèquie
35%
Belgique
34%
Dominique
34%
Jamaïque
34%
Mexique
34%
Mozambique
34%
Belgique
33%
Belize
33%
Bénin
33%
Bolivie
33%
Bosnie-Herzégovine
33%
Botswana
33%
Kazakhstan
31%
Sri Lanka
31%
Égypte
30%
Équateur
28%
Singapour
28%
Uruguay
28%
Andorre
27%
Botswana
27%
Burkina Faso
27%
Chypre
27%
Côte d'Ivoire
27%
Ghana
27%
Guyana
27%
Namibie
27%
Nauru
27%
Ouganda
27%
Ouzbékistan
27%
Pérou
27%
République Centrafricaine
27%
République dominicaine
27%
Somalie
27%
Soudan
27%
Soudan du Sud
27%
Cambodge
26%
Géorgie
26%
Guinée équatoriale
26%
Lesotho
26%
Lettonie
26%
Norvège
26%
Angola
25%
Guatemala
25%
Laos
25%
Ukraine
25%
Venezuela
25%
Guatemala
24%
Guinée
24%
Guinée-Bissau
24%
Guinée équatoriale
24%
Guyana
24%
Arabie Saoudite
23%
Birmanie
23%
Égypte
23%
Malte
23%
Sénégal
23%
Serbie
23%
Seychelles
23%
Suisse
23%
Biélorussie
22%
Danemark
22%
Bahamas
21%
Bahreïn
21%
Bangladesh
21%
Barbade
21%
Cuba
21%
Afrique du Sud
20%
Corée du Sud
20%
Grèce
20%
Grenade
20%
Libye
20%
Soudan du Sud
20%
Tadjikistan
20%
Taïwan
20%
Tanzanie
20%
Yémen
20%
Cuba
18%
Maroc
18%
Saint-Christophe-et-Niévès
18%
Sainte-Lucie
18%
Saint-Marin
18%
Saint-Vincent-et-les-Grenadines
18%
Salomon
18%
Salvador
18%
Samoa
18%
Sao Tomé-et-Principe
18%
Honduras
17%
Hongrie
17%
Kirghizistan
17%
Kiribati
17%
Lesotho
17%
Équateur
16%
Érythrée
15%
Gabon
15%
Japon
15%
Niger
15%
Salomon
15%
Bulgarie
14%
Burkina Faso
14%
Burundi
14%
Congo
14%
Rép dém Congo
14%
Tchad
14%
Togo
14%
Trinité-et-Tobago
14%
Viêt Nam
14%
Bahamas
13%
Honduras
13%
Paraguay
13%
Pays-Bas
13%
Sierra Leone
13%
Singapour
13%
Thaïlande
13%
Togo
13%
Tonga
13%
Uruguay
13%
Azerbaïdjan
12%
Djibouti
12%
Gabon
12%
Gambie
12%
Haïti
12%
Kiribati
12%
Micronésie
12%
Timor-Leste
12%
Tonga
12%
Viêt Nam
12%
Érythrée
11%
Guinée
11%
Kenya
11%
Luxembourg
11%
Oman
11%
Papouasie-Nouvelle-Guinée
11%
Tuvalu
11%
Zambie
11%
Haïti
10%
Tchad
10%
Zimbabwe
10%
Irak
9%
Kosovo
9%
Koweït
9%
Liberia
9%
Nigeria
9%
Philippines
9%
Slovaquie
9%
Slovénie
9%
Vanuatu
9%
Vatican
9%
Yémen
9%
Corée du Nord
8%
Croatie
8%
Émirats arabes unis
8%
Ghana
8%
Macédoine du Nord
8%
Nicaragua
8%
Syrie
8%
Belize
7%
Jordanie
7%
Qatar
7%
Sri Lanka
7%
Dominique
6%
Laos
6%
Palaos
6%
Trinité-et-Tobago
6%
Autriche
5%
Bhoutan
5%
Brunei
5%
Cameroun
5%
Kenya
5%
Rwanda
5%
Salvador
5%
Burundi
4%
Djibouti
4%
Fidji
4%
Israël
4%
Kosovo
4%
Zimbabwe
4%
Bangladesh
3%
Îles Marshall
3%
Luxembourg
3%
Malawi
3%
Samoa
3%

Distribution des résultats

Percentile par nombre de réponses

% des personnes avec chaque résultat

Votre développement - résultats

Vous n’avez pas pris ce quiz